000 00441nam a2200181Ia 4500
005 20250423101235.0
008 250422s9999 xx 000 0 und d
020 _a9788175342408
050 _aKA 22 .H6/
100 _aHolland, T.K.
245 4 _aThe elements of jurisprudence
250 _a13th ed.
260 _aNew Delhi
260 _bUniversal Law Pub. Co. PVT. Ltd.
260 _c2008
650 _ajurisprudence.
942 _cBK
999 _c35713
_d35713